000 00568nam a2200169Ia 4500
008 090201s9999 xx 000 0 und d
010 _aKPL-9834
040 _bमराठी
041 _aमराठी
082 _a44050
_b9834
100 _aग. रा. टिकेकर
245 _aयु ओन्ली लीव्ह टाईम्स
_cग. रा. टिकेकर
260 _c2005
_bराजस प्रकाशन
300 _a194
_bमोठा
600 _aयु ओन्ली लीव्ह टाईम्स
942 _cBOOK
999 _c241082
_d241082